000
00329nam a2200133Ia 4500
005
20251222151317.0
008
251222s9999||||xx |||||||||||||| ||spa||
020
_a
9789589446676
082
_a
616.025/C89
100
_a
Cristancho Gómez, William
245
0
_a
Fisioterapia en la UCI:
264
_b
Manual Moderno
942
_c
LIB
999
_c
23564
_d
23564